Six not so easy pieces: Einsteinïs relativity, symmetry, and space-time

Gespeichert in:
Bibliographische Detailangaben
1. Verfasser: Feynman, Richard Phillips (VerfasserIn)
Format: Buch
Sprache:Englisch
Veröffentlicht: Nueva York Basic Book 1997
Schlagworte:
Tags: Tag hinzufügen
Keine Tags, Fügen Sie den ersten Tag hinzu!

MARC

LEADER 00000nam a2200000 a 4500
001 UCG3220
003 CL-VaPUC
008 100819e19970000US |||||||||||||||||eng|d
082 0 4 |a 530.11  |b FEY  |2 21 
100 0 |a Feynman, Richard Phillips  |e author  |9 340476 
245 1 0 |a Six not so easy pieces: Einsteinïs relativity, symmetry, and space-time 
300 |a 152 p 
942 |c BK 
945 |d 20100819 00:00:00  |a mfarfan 
260 |a Nueva York  |b Basic Book  |c 1997 
650 0 |a Simetría  |9 269045 
650 0 |a Teoría de la relatividad   |9 266149 
650 0 |a Espacio y tiempo  |9 265042 
583 |a last modification  |c 20100819 00:00:00  |k Rodrigo Vera 
999 |c 342291  |d 342289 
952 |0 0  |1 0  |4 0  |6 530_110000000000000_FEY_1997  |7 0  |8 A  |9 438429  |a BIBCUR  |b BIBCUR  |d 2019-11-22  |i 4707680  |l 3  |m 5  |o 530.11 FEY 1997  |p 4707680  |r 2025-04-22  |s 2024-04-17  |w 2019-11-22  |y BK  |k FIS